000 00734nam a2200289Ia 4500
005 20260324140854.0
008 008 260324s9999 xx 000 0 eng d
020 _a9780203726853
037 _aEBOOK
040 _aCRL
040 _beng
040 _cCRL
041 _2eng
041 _aeng
084 _qCRL
100 _aConstance M. Fulmer; Margaret E. Barfield
_91206053
245 2 _aA Monument to the Memory of George Eliot
245 0 _bEdith J. Simcox's Autobiography of a Shirtmaker
260 _bTaylor and Francis
260 _c1998
365 _a
365 _b145
856 _uhttp://www.taylorfrancis.com/books/9780203726853
942 _cEBOOK
999 _c1808563
_d1808563